banner koha

Dinamica das proteinas sericas de femeas bovinas da raca Holandesa naturalmente infectadas pelo virus da leucose dos bovinos (Registro n. 168416)

MARC details
000 -LÍDER
campo de controle de tamanho fixo 01004nas a2200337 4500
001 - NÚMERO DE CONTROLE
campo de controle BR0200435
003 - IDENTIFICADOR DO NÚMERO DE CONTROLE
campo de controle BR-BrBNA
005 - DATA E HORÁRIO DA ÚLTIMA TRANSAÇÃO
campo de controle 20231205102616.0
007 - CAMPO FIXO DE DESCRIÇÃO FÍSICA--INFORMAÇÃO GERAL
campo de controle de tamanho fixo ta
008 - CAMPO DE DADOS FIXOS--INFORMAÇÃO GERAL
campo de controle de tamanho fixo 230509b bl.|||p| |||| 00| 00por d
040 ## - FONTE DA CATALOGAÇÃO
Instituição da catalogação original BR-BrBNA
Idioma da catalogação por
Instituição que transcreveu o registro Biblioteca Nacional de Agricultura
041 ## - CÓDIGO DE IDIOMA
Código do idioma do texto/trilha sonora ou título diferente (Pt)
072 ## - CÓDIGO DE CATEGORIA DE ASSUNTO
Código de Categoria de Assunto L73; L70
100 1# - ENTRADA PRINCIPAL--NOME PESSOAL
Nome pessoal Birgel Junior, E.H.
100 1# - ENTRADA PRINCIPAL--NOME PESSOAL
Nome pessoal Salvatore, L.C. de A.
100 1# - ENTRADA PRINCIPAL--NOME PESSOAL
Nome pessoal Neves, F.S.
100 1# - ENTRADA PRINCIPAL--NOME PESSOAL
Nome pessoal Mirandola, R.M.S.
100 1# - ENTRADA PRINCIPAL--NOME PESSOAL
Nome pessoal Souza, P.M. de
100 1# - ENTRADA PRINCIPAL--NOME PESSOAL
Nome pessoal Birgel, E.H.
245 1# - TÍTULO
Título Dinamica das proteinas sericas de femeas bovinas da raca Holandesa naturalmente infectadas pelo virus da leucose dos bovinos
650 ## - ASSUNTO--TERMO TÓPICO
Cabeçalho tópico ou nome geográfico Gado Holandes
650 ## - ASSUNTO--TERMO TÓPICO
Cabeçalho tópico ou nome geográfico Vaca Leiteira
650 ## - ASSUNTO--TERMO TÓPICO
Cabeçalho tópico ou nome geográfico Proteina
650 ## - ASSUNTO--TERMO TÓPICO
Cabeçalho tópico ou nome geográfico Leucose
650 ## - ASSUNTO--TERMO TÓPICO
Cabeçalho tópico ou nome geográfico Virus
650 ## - ASSUNTO--TERMO TÓPICO
Cabeçalho tópico ou nome geográfico Antigeno
650 ## - ASSUNTO--TERMO TÓPICO
Cabeçalho tópico ou nome geográfico Sao Paulo
773 0# - ENTRADA ANALÍTICA
Título Ciencia Rural (Brazil)
ISSN - International Standard Serial Number ISSN 0103-8478
Partes relacionadas (Jul-Aug 2001), v. 31(4) p. 615-619
Número de controle do registro BR0200435
909 ## -
-- 202311
-- Lúcia
-- 55
-- Lúcia Elande
942 ## - ELEMENTOS DE ENTRADA ADICIONADOS (KOHA)
Fonte da classificação ou esquema de arquivamento na estante Classificação AGRIS
Ocultar no OPAC Não
Tipo de material Koha Analítica
Exemplares
Situação do descarte Fonte da classificação ou esquema de arquivamento na estante Situação física Não pode ser emprestado Biblioteca de origem Biblioteca atual Localização na estante Enumeração do periódico / cronologia Total de empréstimos Data de último acesso Número do exemplar Tipo de material Koha Fonte de aquisição
  Classificação AGRIS   Consulta local Biblioteca Nacional de Agricultura - Binagri Biblioteca Nacional de Agricultura - Binagri   (Jul-Aug 2001), v. 31(4) p. 615-619   29/11/2023 01 Periódicos Portaria Interministerial nº 164/94

BINAGRI

Telefone: (61)3218-2567/2388/3357/2097 - binagri@agro.gov.br

Ministério da Agricultura e Pecuária , Esplanada dos Ministérios, Bloco D, Anexo B, Brasília/DF, CEP: 70.043-900